00341nam a2200121 a 4500003000900000005001700009008004100026040002800067245007500095260001800170942001400188999001700202DO-SdBNP20210528153126.0150602s2004 000 spa d aDO-SdBNPbspacDO-SdBNP 0aProyecto de aprovechamiento multiple del rio mao : presa de Monción. as. n.,cs. f. 2ddccLBS1 c45421d45421